الإحصائيات لـ حكام العرب 2

أنقر هنا لكي تخضع للإختبار!

الإحصائيات العامة

  • هذا الإختبار تم الخضوع له 54 مره
  • الدرجة المتوسطة هي 1 من 10

إحصائيات الإجابة

Answer% صحيح
عبد المجيد تبون
83%
خليفة حفتر
19%
نواف الاحمد
13%
تميم بن حمد ال ثاني
6%
عبد ربه منصور هادي
4%
غزالي عثماني
2%
حمد بن عيسى ال خليفة
2%
محمد ولد الغزواني
2%
محمد عبد الحي محمد
0%
اسماعيل عمر جليه
0%

توزيع النقاط

النسبة وفقا للأرقام

نسبة الأشخاص لكل درجة

سجل النقاط الخاصة بك

لم تضخع لهذا الإختبار